000 00358 a2200169 4500
001 187638
020 _a85-7311-795-8
040 _cMagnum
100 _aBelinky, Tatiana
240 1 0 _aO galinho apressado
_lpor
245 1 0 _aO galinho apressado
300 _a16
362 0 _a1993
440 1 _aPaulinas
697 _aLITERATURA INFANTO
942 _cBK
999 _c187638
_d187638